மகாவம்ச விஜயனும் மன்னாா் கட்டுக்கரை பிரதேசமும் சங்க இலக்கிய நூல்கள் மூலமாக இடப்பெயராய்வு

Saved in:
Bibliographic Details
Main Author: ஜெகன்
Format: Book
Language:English
Published: மன்னாா் ரொட்டரி கழகம் 2024
Tags: Add Tag
No Tags, Be the first to tag this record!

MARC

LEADER 00000nam a22000007a 4500
005 20251124115657.0
008 251124b |||||||| |||| 00| 0 eng d
082 |a 900  |b ஜெகன் 
100 |a ஜெகன் 
245 |a மகாவம்ச விஜயனும் மன்னாா் கட்டுக்கரை பிரதேசமும்   |b சங்க இலக்கிய நூல்கள் மூலமாக இடப்பெயராய்வு  |c ஜெகன் 
260 |a மன்னாா்  |b ரொட்டரி கழகம்  |c 2024 
300 |a 100 
942 |c BK 
999 |c 16478  |d 16478